=LDR 00000nam 2200000 4500 =001 INLIS000000000063253 =005 20240219103600 =035 ##$$a 0010-0224000123 =007 ta =008 240219################g##########f#ind## =100 #$$a Desti Annor =245 ##$$a Ingin Kupilih Takdirku /$c Desti Annor; editor, Said Kamil =250 ##$$a Cetakan Pertama, Juni 2018 =300 ##$$a viii, 264 halaman ; $c 20 cm =020 ##$$a 978-602-5731-13-6 =041 ##$$a ind =082 ##$$a 899.221 3 =084 ##$$a 899.221 3 DES i =264 ##$$a Solo :$b Tinta Medina,$c 2018 =336 ##$$a teks$2 rdacontent =337 ##$$a tanpa perantara$2 rdamedia =338 ##$$a volume$2 rdacarrier =650 #4$$a Fiksi Indonesia =700 #$$a Said Kamil (editor) =990 ##$$a 04950495 =990 ##$$a 04950495 =990 ##$$a 04950495